Ông già và biển cả = The old man and the sea = Le vieil homme et la mer

Bewaard in:
Bibliografische gegevens
Hoofdauteur: Hemingway, Ernest
Formaat: Boek
Taal:Undetermined
Gepubliceerd in: Thành phố Hồ Chí Minh Văn Nghệ 2000
Onderwerpen:
Tags: Voeg label toe
Geen labels, Wees de eerste die dit record labelt!
Thư viện lưu trữ: Trung tâm Học liệu Trường Đại học Cần Thơ
LEADER 00681nam a2200217Ia 4500
001 CTU_64510
008 210402s9999 xx 000 0 und d
020 |b 12000 
082 |a 813.52 
082 |b H488 
100 |a Hemingway, Ernest 
245 0 |a Ông già và biển cả = 
245 4 |b The old man and the sea = Le vieil homme et la mer 
245 0 |c Ernest Hemingway; Huy Phương biên dịch 
260 |a Thành phố Hồ Chí Minh 
260 |b Văn Nghệ 
260 |c 2000 
650 |a American fiction ( vietnamese ) 
650 |y 20th century 
904 |i Minh (Nguyênsửa) 
980 |a Trung tâm Học liệu Trường Đại học Cần Thơ